<?xml version="1.0" encoding="UTF-8"?>
<record
    xmlns:xsi="http://www.w3.org/2001/XMLSchema-instance"
    xsi:schemaLocation="http://www.loc.gov/MARC21/slim http://www.loc.gov/standards/marcxml/schema/MARC21slim.xsd"
    xmlns="http://www.loc.gov/MARC21/slim">

  <leader>01270aam a2200325 i 4500</leader>
  <datafield tag="999" ind1=" " ind2=" ">
    <subfield code="c">168917</subfield>
    <subfield code="d">168917</subfield>
  </datafield>
  <controlfield tag="001">vtls000848657</controlfield>
  <controlfield tag="003">PNM</controlfield>
  <controlfield tag="005">20180821085413.0</controlfield>
  <controlfield tag="008">180308s2017    my     e      000 0 may  </controlfield>
  <datafield tag="015" ind1=" " ind2=" ">
    <subfield code="a">M18-03156</subfield>
  </datafield>
  <datafield tag="020" ind1=" " ind2=" ">
    <subfield code="a">9789672091127</subfield>
    <subfield code="q">paperback</subfield>
    <subfield code="c">RM40.00</subfield>
  </datafield>
  <datafield tag="039" ind1=" " ind2="9">
    <subfield code="a">201805170932</subfield>
    <subfield code="b">nor_afizah</subfield>
    <subfield code="c">201805081459</subfield>
    <subfield code="d">AUTHORITY</subfield>
    <subfield code="c">201803281604</subfield>
    <subfield code="d">fadzli</subfield>
    <subfield code="c">201803281144</subfield>
    <subfield code="d">hazwani</subfield>
  </datafield>
  <datafield tag="040" ind1=" " ind2=" ">
    <subfield code="a">BNM</subfield>
    <subfield code="b">eng</subfield>
    <subfield code="c">BNM</subfield>
    <subfield code="d">PPAK</subfield>
    <subfield code="e">rda</subfield>
  </datafield>
  <datafield tag="049" ind1=" " ind2=" ">
    <subfield code="a">mal</subfield>
  </datafield>
  <datafield tag="082" ind1="0" ind2="4">
    <subfield code="a">615.880899923</subfield>
    <subfield code="2">23</subfield>
  </datafield>
  <datafield tag="090" ind1="0" ind2="0">
    <subfield code="a">615.880899923</subfield>
    <subfield code="b">NUR</subfield>
    <subfield code="d">G</subfield>
  </datafield>
  <datafield tag="100" ind1="0" ind2=" ">
    <subfield code="a">Nuruddin ibn Ali ibn Hasanji ibn Muhammad Hamid al-Raniri,</subfield>
    <subfield code="c">Sheikh,</subfield>
    <subfield code="d">1600-1658M,</subfield>
    <subfield code="e">author.</subfield>
  </datafield>
  <datafield tag="245" ind1="1" ind2="0">
    <subfield code="a">BUSTANUS SALATIN :</subfield>
    <subfield code="b">BAB KETUJUH FASAL KETIGA : PADA MENYATAKAN ILMU TASHRIH DAN ILMU TIBB /</subfield>
    <subfield code="c">NURUDDIN AR-RANIRI ; KAJIAN &amp; TRANSLITERASI NASEER SOBREE</subfield>
  </datafield>
  <datafield tag="264" ind1=" " ind2="1">
    <subfield code="a">Pulau Pinang :</subfield>
    <subfield code="b">BAYTUL HIKMA,</subfield>
    <subfield code="c">2018</subfield>
  </datafield>
  <datafield tag="300" ind1=" " ind2=" ">
    <subfield code="a">191 pages :</subfield>
    <subfield code="b">illustrations ;</subfield>
    <subfield code="c">21 cm</subfield>
  </datafield>
  <datafield tag="336" ind1=" " ind2=" ">
    <subfield code="a">text</subfield>
    <subfield code="2">rdacontent</subfield>
  </datafield>
  <datafield tag="337" ind1=" " ind2=" ">
    <subfield code="a">unmediated</subfield>
    <subfield code="2">rdamedia</subfield>
  </datafield>
  <datafield tag="338" ind1=" " ind2=" ">
    <subfield code="a">volume</subfield>
    <subfield code="2">rdacarrier</subfield>
  </datafield>
  <datafield tag="500" ind1=" " ind2=" ">
    <subfield code="a">Contains verses from the Qur'an and quotes from the Hadith</subfield>
  </datafield>
  <datafield tag="650" ind1="1" ind2="0">
    <subfield code="a">Traditional medicine</subfield>
  </datafield>
  <datafield tag="650" ind1="2" ind2="0">
    <subfield code="a">Traditional medicine</subfield>
    <subfield code="v">Formulae, receipts, prescriptions</subfield>
  </datafield>
  <datafield tag="700" ind1="0" ind2=" ">
    <subfield code="a">Naseer Sobree,</subfield>
    <subfield code="e">translator.</subfield>
  </datafield>
  <datafield tag="942" ind1=" " ind2=" ">
    <subfield code="2">ddc</subfield>
    <subfield code="c">B</subfield>
  </datafield>
  <datafield tag="949" ind1=" " ind2=" ">
    <subfield code="6">2000150751</subfield>
    <subfield code="e">2533019</subfield>
  </datafield>
  <datafield tag="952" ind1=" " ind2=" ">
    <subfield code="0">0</subfield>
    <subfield code="7">0</subfield>
    <subfield code="b">PPAK</subfield>
    <subfield code="c">G</subfield>
    <subfield code="d">2018-07-29</subfield>
    <subfield code="l">2</subfield>
    <subfield code="o">615.880899923 NUR</subfield>
    <subfield code="p">A01580278</subfield>
    <subfield code="r">2024-12-23 11:06:17</subfield>
    <subfield code="s">2024-12-21</subfield>
    <subfield code="y">B</subfield>
  </datafield>
  <datafield tag="952" ind1=" " ind2=" ">
    <subfield code="0">0</subfield>
    <subfield code="7">0</subfield>
    <subfield code="b">PPAK</subfield>
    <subfield code="c">G</subfield>
    <subfield code="d">2018-07-29</subfield>
    <subfield code="l">3</subfield>
    <subfield code="m">2</subfield>
    <subfield code="o">615.880899923 NUR</subfield>
    <subfield code="p">A01580279</subfield>
    <subfield code="r">2022-10-02 00:00:00</subfield>
    <subfield code="s">2022-09-20</subfield>
    <subfield code="y">B</subfield>
  </datafield>
  <datafield tag="952" ind1=" " ind2=" ">
    <subfield code="0">0</subfield>
    <subfield code="7">0</subfield>
    <subfield code="b">SP</subfield>
    <subfield code="c">G</subfield>
    <subfield code="d">2018-07-29</subfield>
    <subfield code="l">1</subfield>
    <subfield code="m">1</subfield>
    <subfield code="o">615.880899923 NUR</subfield>
    <subfield code="p">A01580280</subfield>
    <subfield code="r">2019-06-23 00:00:00</subfield>
    <subfield code="s">2019-05-12</subfield>
    <subfield code="y">B</subfield>
  </datafield>
  <datafield tag="952" ind1=" " ind2=" ">
    <subfield code="0">0</subfield>
    <subfield code="7">0</subfield>
    <subfield code="b">JT</subfield>
    <subfield code="c">G</subfield>
    <subfield code="d">2018-07-29</subfield>
    <subfield code="o">615.880899923 NUR</subfield>
    <subfield code="p">A01580281</subfield>
    <subfield code="r">2018-07-29 00:00:00</subfield>
    <subfield code="y">B</subfield>
  </datafield>
  <datafield tag="952" ind1=" " ind2=" ">
    <subfield code="0">0</subfield>
    <subfield code="7">0</subfield>
    <subfield code="b">LW</subfield>
    <subfield code="c">G</subfield>
    <subfield code="d">2018-07-29</subfield>
    <subfield code="o">615.880899923 NUR</subfield>
    <subfield code="p">A01580282</subfield>
    <subfield code="r">2018-07-29 00:00:00</subfield>
    <subfield code="y">B</subfield>
  </datafield>
</record>
